Encyclopedia of food engineering
Guardat en:
| Autors principals: | , , |
|---|---|
| Format: | Llibre |
| Idioma: | anglès |
| Publicat: |
Westport
Avi
1971
|
| Col·lecció: | Encyclopedia of Food Technology and Food Science Series, 1
|
| Matèries: | |
| Etiquetes: |
Afegir etiqueta
Sense etiquetes, Sigues el primer a etiquetar aquest registre!
|
MARC
| LEADER | 00000nam a2200000 a 4500 | ||
|---|---|---|---|
| 001 | UCR4927 | ||
| 003 | CL-VaPUC | ||
| 008 | 980320e19710000US |||||||||||||||||eng|d | ||
| 082 | 0 | 4 | |a 664 |b HAL |2 21 |
| 100 | |a Hall, Carl W |e author |9 596174 | ||
| 700 | 0 | |a Farral, A. W |e author |9 405497 | |
| 700 | 0 | |a Rippen, A. L |e author |9 405498 | |
| 245 | 1 | 0 | |a Encyclopedia of food engineering |
| 300 | |a 762 p | ||
| 942 | |c BK | ||
| 945 | |d 19980320 00:00:00 |a crobeson | ||
| 260 | |a Westport |b Avi |c 1971 | ||
| 650 | 0 | |a Enciclopedias |9 264135 | |
| 650 | 7 | |a TECNOLOGIA DE ALIMENTOS |2 CL-VaPUC |9 405499 | |
| 583 | |a last modification |c 19980320 00:00:00 |k Rodrigo Vera | ||
| 490 | 0 | |a Encyclopedia of Food Technology and Food Science Series, 1 | |
| 999 | |c 267709 |d 267707 | ||
| 952 | |0 0 |1 0 |4 0 |6 664_000000000000000_HAL_1971 |7 0 |8 A |9 300211 |a BIBALI |b BIBALI |c REF |d 2019-11-20 |i 1968416 |o 664 HAL 1971 |p 1968416 |r 2025-01-20 |w 2019-11-20 |y BK_F |k ALI | ||
| 952 | |0 0 |1 0 |4 0 |6 664_000000000000000_HAL_1971 |7 0 |8 A |9 300212 |a BIBALI |b BIBALI |c REF |d 2019-11-20 |i 1968424 |o 664 HAL 1971 |p 1968424 |r 2025-01-20 |w 2019-11-20 |y BK_F |k ALI | ||
| 952 | |0 0 |1 0 |4 0 |6 664_000000000000000_HAL_1971 |7 0 |8 A |9 300213 |a BIBALI |b BIBALI |c REF |d 2019-11-20 |i 1968432 |o 664 HAL 1971 |p 1968432 |r 2025-01-20 |w 2019-11-20 |y BK_F |k ALI | ||